[Event "18th Delhi GM Open 2020"]
[Site "Delhi"]
[Date "2020.01.11"]
[Round "4.23"]
[White "David, Alberto"]
[Black "Panta, Sumit"]
[Result "1-0"]
[WhiteElo "2562"]
[BlackElo "2000"]
[Annotator "TA"]
[PlyCount "85"]
[EventDate "2020.01.09"]
[EventType "swiss"]
[EventCountry "IND"]
[SourceTitle "playchess.com"]
[Source "ChessBase"]
[SourceQuality "1"]

{[%evp 9,85,-27,30,25,27,22,22,16,23,20,20,19,35,33,31,37,41,0,77,88,83,87,80,87,83,75,159,200,189,206,208,164,155,153,242,242,251,236,237,240,272,272,296,293,281,234,395,401,394,388,372,337,338,346,337,349,385,379,393,395,393,391,389,385,383,379,410,410,410,410,409,409,409,390,590,587,556,541]} 1. e4 e6 2. d3 d5 3. Qe2 c5 4. Nf3 Nc6 5. g3 dxe4 (5... Nge7 $142) (5... Nf6 6. Bg2 Be7 7. O-O O-O 8. e5 Nd7 9. c4 d4 10. Re1 Rb8 11. h4 b5 12. cxb5 Rxb5 13. Na3 Rb8 14. Nc4 Nb6 15. b3 Nxc4 16. bxc4 Rb6 17. Ng5 {1-0 (32) Carlsen,M (2837)-Ding,L (2774) Saint Louis 2017}) 6. dxe4 $11 {B40: Sicilian: 2...e6, Unusual lines} e5 7. c3 Nf6 8. Na3 {The position is equal.} Be7 9. Nc4 Qc7 $146 ({Predecessor:} 9... Bg4 10. h3 Bxf3 11. Qxf3 O-O 12. Bg2 b5 {1-0 (42) Ivannikov,V (2379)-Gavrilov,O (2181) St Petersburg 2001}) 10. Ne3 h6 11. Bg2 Be6 12. Nd2 Qd7 13. f4 g6 {[#]} (13... exf4 $11 {remains equal.} 14. gxf4 Ng4) 14. f5 $1 $16 {[%mdl 512]} gxf5 15. exf5 Bxf5 16. Nxf5 Qxf5 17. Nc4 Kf8 (17... O-O-O $142) 18. Ne3 Qe6 19. O-O c4 20. Qxc4 Qxc4 21. Nxc4 Bc5+ (21... Rc8 $16 22. Bxc6 Rxc6) 22. Kh1 $18 Ng4 23. h3 Nf2+ 24. Kh2 {[#] Hoping for b4.} Nd3 25. b4 Be7 26. Be3 Rc8 27. Be4 Ncxb4 $2 (27... b5 {might work better.}) 28. cxb4 Rxc4 29. Bxd3 Rc3 30. Rad1 Kg7 {Now ...Rd8 and Black clings on.} 31. Bc1 Rd8 32. Bb1 Rxd1 33. Rxd1 Bxb4 34. Bd2 Rc4 {intending ...Rd4.} 35. Bd3 Rd4 {Threatening ...Bxd2.} 36. Be3 Rd6 37. Bc2 Rxd1 38. Bxd1 b6 39. Bc2 Bc5 40. Bxc5 bxc5 41. Kg2 e4 (41... Kf6 {was called for.} 42. Bb3 Kg6) 42. Bxe4 Kf6 43. Bd5 {Accuracy: White = 93%, Black = 51%.} 1-0

[Event "18th Delhi GM Open 2020"]
[Site "Delhi"]
[Date "2020.01.11"]
[Round "4.24"]
[White "Lalith Babu M R"]
[Black "Aditya Bikram Paul"]
[Result "1-0"]
[WhiteElo "2558"]
[BlackElo "1950"]
[Annotator "TA"]
[PlyCount "89"]
[EventDate "2020.01.09"]
[EventType "swiss"]
[EventCountry "IND"]
[SourceTitle "playchess.com"]
[Source "ChessBase"]
[SourceQuality "1"]

{[%evp 13,89,0,0,-2,6,-11,2,-4,18,10,10,11,9,6,8,8,7,18,11,14,38,25,29,27,47,0,0,0,11,0,0,-5,20,-31,29,14,8,2,16,8,9,0,85,86,134,125,135,128,191,183,165,172,157,124,114,109,127,110,178,178,240,175,176,176,178,189,182,177,295,291,294,294,251,276,586,559,5302,5231]} 1. c4 e5 2. g3 Nf6 3. Bg2 d5 4. cxd5 Nxd5 5. Nc3 Nb6 6. Nf3 Nc6 7. a3 Be7 8. b4 {A29: English Opening: Four Knights Variation with 4 g3} Be6 (8... O-O 9. e3 a6 10. Qc2 Be6 11. O-O Bc4 12. Rd1 Bd3 13. Qb2 Qd7 14. Ne1 Bg6 15. d3 Rad8 {1-0 (44) Duda,J (2748)-Nepomniachtchi,I (2773) Hamburg 2019}) 9. Rb1 f6 10. Ne4 $146 {The position is equal.} ({Predecessor:} 10. O-O O-O 11. d3 a5 12. b5 Nd4 13. e3 Nxf3+ 14. Bxf3 Rb8 15. Qc2 Qc8 16. Bh1 Rd8 17. Rd1 Bg4 18. Rd2 Bf5 19. Bb2 Qd7 20. Rbd1 Bg4 21. Rc1 Bf5 22. Rcd1 Bg4 23. Rc1 Bf5 24. Rcd1 Bg4 {½-½ (24) Gazik,V (2525)-Gumularz,S (2502) Pardubice 2019}) 10... Nd4 11. Nc5 Bd5 12. e4 {And now Nxd4 would win.} Bxc5 13. exd5 Nxf3+ $1 ({But not} 13... Qxd5 14. O-O $16) 14. Qxf3 Bd4 15. Bb2 Bxb2 16. Rxb2 Qd7 17. d4 O-O-O 18. dxe5 Rhe8 19. O-O {Hoping for d6.} (19. Re2 {is more complex.} Qxd5 20. Qf5+ Qd7 21. Bh3 Kb8 22. Qxd7 Nxd7 23. Bxd7 Rxd7 24. exf6 Red8 25. O-O) 19... Rxe5 20. Qd3 g5 {[%cal Rb6d5]} 21. Rd2 Kb8 22. b5 Rde8 ({Much weaker is} 22... Nxd5 $6 23. f4 $16) 23. h3 ({White should play} 23. d6 $11) 23... Re1 (23... Nc8 $15) 24. Rxe1 Rxe1+ 25. Kh2 Nc8 26. d6 Nxd6 27. a4 {[%cal Ba3a4,Ba4a5][%mdl 32]} f5 {[#]} (27... Re5 $11 {remains equal.}) 28. a5 $1 $16 Re8 29. b6 $1 {[%cal Rb6c7]} axb6 30. axb6 {aiming for Qa3.} Rd8 (30... Re6 $16 {is a better defense.}) 31. Qa3 $36 {[%mdl 2048] Intending Qa7+ and mate. White is on the roll.} cxb6 32. Ra2 Kc7 33. Qc1+ Kb8 34. Qxg5 Qc7 35. Qf6 Nc4 (35... Qc8 $16 {was necessary.} 36. Qa1 Qe6 37. Ra8+ Kc7) 36. Qxf5 $18 Rd2 (36... Na5 $142 37. Qb5 Rd4) 37. Qf8+ Rd8 38. Qf6 Rd6 39. Qa1 {[%csl Ga1][%cal Ra2a8]} Na5 40. Re2 b5 (40... Qd8 $142 41. Qe5 Nc6) 41. Qb2 Qb6 42. Qh8+ Ka7 43. Ra2 Rd8 $2 (43... Rd7 {is a better chance.} 44. Qe5 Ka6) 44. Qxh7 {Black must now prevent Rxa5+!} Rc8 {[#]} 45. Rxa5+ $1 {[%mdl 512] Accuracy: White = 72%, Black = 35%.} 1-0

[Event "18th Delhi GM Open 2020"]
[Site "Delhi"]
[Date "2020.01.11"]
[Round "4.25"]
[White "Tukhaev, Adam"]
[Black "Aaditya Dhingra"]
[Result "1-0"]
[WhiteElo "2548"]
[BlackElo "1897"]
[Annotator "TA"]
[PlyCount "83"]
[EventDate "2020.01.09"]
[EventType "swiss"]
[EventCountry "IND"]
[SourceTitle "playchess.com"]
[Source "ChessBase"]
[SourceQuality "1"]

{[%evp 14,83,61,52,52,38,60,56,56,61,51,36,37,44,44,36,36,36,52,36,73,39,48,44,49,50,50,39,58,47,40,41,47,42,65,49,70,62,97,79,95,99,85,83,108,72,89,92,111,74,78,68,58,-33,-25,-7,375,115,295,237,281,230,1106,1113,1104,1103,1062,781,1385,1299,1256,1244]} 1. e4 c5 2. Nf3 e6 3. d4 cxd4 4. Nxd4 a6 5. c4 Nf6 6. Nc3 Qc7 7. a3 b6 8. Be3 Bb7 {B41: Sicilian: Kan Variation: 5 c4} 9. f3 d6 10. Be2 ({Predecessor:} 10. Rc1 Be7 11. Be2 O-O 12. O-O Nbd7 13. b4 Rac8 {0-1 (35) Ibarra Jerez,J (2513)-D'Costa,L (2445) Budva 2009}) 10... Nbd7 {White is slightly better.} 11. O-O Be7 12. Qd2 O-O 13. Rac1 $146 (13. Rfc1 Rac8 14. a4 Ne5 15. Qe1 Qb8 16. b3 Bd8 17. Kh1 Bc7 18. Bg1 Rfe8 19. Qd2 Ng6 20. Re1 Rcd8 21. Rad1 h5 22. Bf1 h4 {0-1 (63) Tari,A (2634)-Firouzja,A (2723) Moscow 2019}) 13... Rac8 14. b4 Qb8 15. Rc2 Bd8 16. Kh1 Bc7 17. Bg1 Rfd8 18. Rb1 Qa8 19. Na4 Ne5 20. Bf1 Ng6 21. Qc1 Nd7 22. Be3 Nge5 23. Qe1 Nc6 24. Qf2 Qb8 25. Nb3 {[%cal Re3b6]} Ba8 26. c5 {[%cal Rc5b6]} b5 27. Nb6 Bxb6 28. cxb6 Nce5 29. Rbc1 d5 30. exd5 Bxd5 31. Na5 $36 {[%mdl 2048] Keeping Black busy.} Rxc2 32. Rxc2 Rc8 33. a4 ({White should try} 33. Rxc8+ $14 Qxc8 34. Bc5) 33... bxa4 $15 34. Bxa6 Rd8 $2 {[%mdl 8192] [#]} (34... Rxc2 $11 {and Black stays safe.} 35. Qxc2 Nxb6) 35. Rc3 $2 (35. b7 $18 {is the precise move to win.}) 35... Qa8 $2 (35... Qd6 $16) 36. Bb5 Nf6 {intending ...Neg4.} 37. Bd4 ({Much less strong is} 37. Bxa4 $6 Neg4 $16) 37... Bxf3 $2 (37... Ned7 38. Bxa4 e5) 38. gxf3 $18 {White is clearly winning.} Nfg4 39. Qg1 Nxf3 40. b7 Qb8 41. Rxf3 Rxd4 42. Rc3 {Played: Na5-c6} 1-0

[Event "18th Delhi GM Open 2020"]
[Site "Delhi"]
[Date "2020.01.11"]
[Round "4.26"]
[White "Adarsh Tripathi"]
[Black "Gholami, Aryan"]
[Result "0-1"]
[WhiteElo "1975"]
[BlackElo "2541"]
[Annotator "TA"]
[PlyCount "56"]
[EventDate "2020.01.09"]
[EventType "swiss"]
[EventCountry "IND"]
[SourceTitle "playchess.com"]
[Source "ChessBase"]
[SourceQuality "1"]

{[%evp 13,76,-9,12,14,18,18,16,12,22,2,33,10,5,-39,-22,-56,0,0,0,-38,-33,-28,-36,-60,-39,-70,-80,-111,-110,-100,-100,-100,-104,-94,-102,-219,-229,-210,-238,-218,-232,-220,-208,-200,-125,-161,-150,-189,-192,-257,-211,-195,-184,-214,-208,-441,-439,-625,-620,-617,-598,-585,-257,-250,-245]} 1. Nf3 c5 2. e3 Nf6 3. d4 b6 4. Bd3 Bb7 5. Nbd2 g6 6. O-O Bg7 7. c3 O-O 8. e4 {A47: 1 d4 Nf6 2 Nf3 b6: Torre, London and Colle Systems} cxd4 (8... d6 9. Re1 Qc7 10. h3 Nbd7 11. d5 Rfe8 12. a4 e6 13. c4 Re7 14. Rb1 Rae8 15. b3 Nb8 {0-1 (39) Hoffman,A (2491)-Topalov,V (2707) Villarrobledo 2000}) 9. cxd4 d6 10. Re1 {The position is equal.} Nc6 11. a3 Nd7 12. d5 $146 ({Predecessor:} 12. Nb3 a5 13. Be3 e5 14. Bb5 Nxd4 15. Nfxd4 exd4 16. Bxd4 {1-0 (48) Mohrlok,D (2395)-Heilemann,M (2280) Bad Wildbad 1998}) 12... Nce5 13. Nxe5 Nxe5 14. Nf3 Nxd3 (14... e6 $15) 15. Qxd3 $11 Qd7 16. Rb1 e6 17. dxe6 Qxe6 18. Bf4 Rfe8 {[%cal Rb7e4]} 19. Ng5 Qf6 20. Bd2 Rac8 21. Qh3 h6 $36 {[%mdl 2048] Black has strong initiative.} 22. Nf3 Qe6 23. Qxe6 Rxe6 24. Bf4 (24. Rbc1 $17 {was called for.}) 24... g5 $19 ({Don't take} 24... Rxe4 25. Be3) 25. Bg3 Bxe4 26. Rbd1 Bxf3 27. gxf3 Rxe1+ 28. Rxe1 {[%mdl 4096] Endgame KRB-KRB} Bxb2 {Played: Bg7-d4} 0-1

[Event "18th Delhi GM Open 2020"]
[Site "Delhi"]
[Date "2020.01.11"]
[Round "4.27"]
[White "Garv Rai"]
[Black "Grover, Sahaj"]
[Result "0-1"]
[WhiteElo "1898"]
[BlackElo "2521"]
[Annotator "TA"]
[PlyCount "104"]
[EventDate "2020.01.09"]
[EventType "swiss"]
[EventCountry "IND"]
[SourceTitle "playchess.com"]
[Source "ChessBase"]
[SourceQuality "1"]

{[%evp 9,124,-17,21,14,18,7,0,0,14,-22,0,-35,9,14,60,61,57,49,47,54,57,-129,-24,-58,-79,-75,-73,-172,-166,-183,-179,-229,-164,-155,-167,-168,-177,-175,-135,-122,-143,-154,-143,-158,-144,-188,-179,-204,-166,-230,-160,-232,-218,-211,-227,-251,-253,-296,-285,-312,-310,-397,-316,-324,-325,-322,-322,-320,-320,-320,-319,-422,-435,-421,-387,-382,-377,-370,-360,-418,-410,-402,-376,-544,-510,-602,-599,-864,-845,-5385,-4451,-3718,-4445,-29974,-29975,-29975,-29975,-29980,-29981,-29981,-12845,-12845,-12846,-12846,-12847,-12847,-12847,-12848,-12848,-12849,-12849,-12850,-12849,-29987,-29988,-29988,-29989]} 1. d4 e6 2. Bf4 c5 3. e3 Qb6 4. Na3 $146 {[%cal Bb1a3,Ba3b5,Bb5c7][%mdl 32]} (4. Nc3 a6 5. a3 Nf6 6. Nf3 Nh5 7. dxc5 Bxc5 8. Na4 Qa5+ 9. c3 Be7 10. b4 {0-1 (61) Jones,G (2683)-McShane,L (2677) London 2019}) 4... cxd4 5. Nb5 dxe3 6. Nc7+ {[%mdl 64] [#] Double Attack. A40: Unusual replies to 1 d4} Kd8 7. fxe3 e5 8. Nxa8 {The position is equal.} Qa5+ 9. c3 $1 exf4 10. exf4 Qf5 11. Qd2 {Black must now prevent Nf3.} Qe4+ 12. Be2 b6 13. O-O-O {Hoping for Bf3.} Qxa8 14. Nf3 {And now Ne5 would win.} Nh6 15. Ne5 $2 (15. Rhe1 $14 {stays ahead.}) 15... Qb7 (15... Qxg2 $17 16. Rhg1 Qf2) 16. g4 f6 17. Nc4 Qc6 18. f5 (18. g5 $17 {is a better defense.} Nf7 19. Rhe1) 18... Ba6 $19 19. Qf4 Qc7 20. Rhf1 Qxf4+ 21. Rxf4 Bc5 22. b4 Bxc4 23. Rxc4 Be3+ 24. Kc2 Re8 {aiming for ...b5.} 25. b5 Bc5 26. Bf1 a5 27. bxa6 Nxa6 28. a4 Re5 29. h3 (29. Bg2 {keeps fighting.}) 29... Nb8 30. Rf4 (30. Bg2 $17) 30... Nf7 31. Bb5 Kc7 32. Rf3 Nd6 33. Rfd3 Nc6 34. Rd5 Re7 35. Bxc6 dxc6 36. R5d3 Nc4 {Strongly threatening ...Ne3+.} 37. Kb3 Na5+ 38. Kc2 Nb7 39. Ra1 Bd6 40. Kd1 Nc5 41. Rf3 Kb7 42. Ra2 Bc7 43. Re2 Rd7+ 44. Rd2 Rxd2+ 45. Kxd2 Nxa4 46. h4 (46. c4 {was necessary.}) 46... b5 {[%cal Bb6b5,Bb5b4][%mdl 32]} 47. g5 Be5 48. h5 {intending h6.} h6 49. gxh6 gxh6 50. c4 b4 51. Rb3 Bc3+ 52. Kc2 {[#]} Kb6 {Played: Na4-b2} 0-1

[Event "18th Delhi GM Open 2020"]
[Site "Delhi"]
[Date "2020.01.12"]
[Round "5.1"]
[White "Martinez Alcantara, Jose Eduardo"]
[Black "Karthik Venkataraman"]
[Result "0-1"]
[WhiteElo "2606"]
[BlackElo "2479"]
[Annotator "TA"]
[PlyCount "54"]
[EventDate "2020.01.09"]
[EventType "swiss"]
[EventCountry "IND"]
[SourceTitle "playchess.com"]
[Source "ChessBase"]
[SourceQuality "1"]

{[%evp 11,110,8,11,12,12,8,8,12,12,12,0,0,0,0,0,0,0,0,52,0,18,0,-8,-2,0,-8,0,0,0,0,42,25,50,-52,0,-119,-27,-314,-136,-210,-210,-197,-194,-182,-162,-160,-153,-150,-152,-170,-179,-184,-177,-178,-143,-136,-137,-142,-119,-134,-129,-135,-139,-139,-132,-202,-200,-204,-191,-236,-229,-308,-312,-396,-302,-358,-350,-333,-343,-363,-337,-407,-387,-458,-414,-467,-423,-427,-425,-501,-487,-839,-830,-1368,-1295,-29991,-29992,-29992,-29993,-29993,-29993]} 1. Nf3 Nf6 2. c4 c5 3. Nc3 Nc6 4. d4 cxd4 5. Nxd4 e6 6. a3 Bc5 7. Nb3 {A33: Symmetrical English: 2 Nf3 Nf6 3 d4 cxd4 4 Nxd4 e6 5 Nc3 Nc6} Bb6 8. Bf4 d5 9. c5 {The position is equal.} Bc7 10. Bxc7 Qxc7 11. Nb5 Qe5 12. Nd6+ Ke7 13. Qc1 {[#]} g5 $146 ({Predecessor:} 13... d4 14. f4 Qe3 15. Qxe3 dxe3 {1-0 (43) Navara,D (2742)-Kasimdzhanov,R (2696) Baku 2016}) 14. e3 Bd7 (14... b6 $11) 15. Be2 g4 16. Nd4 Nxd4 17. exd4 Qxd4 {Hoping for ...b6.} 18. O-O b6 19. b4 bxc5 20. bxc5 Rab8 21. Rd1 {[%mdl 1024] White has compensation.} Qe5 22. Ra2 (22. Bd3 $14 Bc6 23. a4) 22... Rb3 (22... Ba4 $15 23. Re1 Ne4) 23. Ba6 {[#]} (23. a4 $11) 23... Rc3 (23... Rhb8 $1 $17 {...Rc3 is the strong threat.} 24. Re2 Ne4) 24. Qd2 $2 {[%mdl 8192]} (24. Qa1 $1 $11 Rb8 25. Re2) 24... d4 (24... Rxc5 $19 {is more deadly.} 25. Nb7 Rc3) 25. Qxd4 (25. Re1 $17 {was necessary.} Qxc5 26. Qxd4 {[%mdl 64] Decoy} Qxd4 27. Nf5+ Kf8 28. Nxd4) 25... Qxd4 $19 (25... Qxc5 26. Qf4 $14) ({Don't play} 25... Rxc5 26. Nf5+ Kf8 27. Qxe5 $17) 26. Rxd4 Rxc5 {Threatens to win with ...Rc6.} 27. Bf1 Rb8 {Played: Rc5-c1} 0-1

[Event "18th Delhi GM Open 2020"]
[Site "Delhi"]
[Date "2020.01.12"]
[Round "5.2"]
[White "Aleksandrov, Aleksej"]
[Black "Rahman, Ziaur"]
[Result "1-0"]
[WhiteElo "2592"]
[BlackElo "2434"]
[Annotator "TA"]
[PlyCount "61"]
[EventDate "2020.01.09"]
[EventType "swiss"]
[EventCountry "IND"]
[SourceTitle "playchess.com"]
[Source "ChessBase"]
[SourceQuality "1"]

{[%evp 21,61,-17,-8,-24,-6,-54,8,0,19,23,17,17,21,14,27,14,21,12,55,20,85,25,27,6,6,0,104,104,106,104,106,98,97,105,99,85,122,123,456,456,445,432]} 1. d4 d5 2. c4 e6 3. Nc3 c6 4. e4 dxe4 5. Nxe4 Bb4+ 6. Bd2 Qxd4 7. Bxb4 Qxe4+ 8. Be2 Na6 9. Bc3 f6 10. Nf3 Ne7 11. O-O O-O 12. Re1 {D31: Queen's Gambit Declined: Semi-Slav without ...Nf6 (+ Marshall Gambit and Noteboom) and Exchange Variation lines without ...Nf6} Ng6 (12... Qf4 13. b4 Ng6 14. b5 cxb5 15. cxb5 Nc5 16. g3 Qc7 17. Rc1 b6 18. Bb4 Rd8 19. Qc2 Bb7 20. Bxc5 bxc5 21. Qxc5 {1-0 (32) Nisipeanu,L (2656)-Palac,M (2550) Zagreb 2019}) 13. g3 c5 $146 ({Black should try} 13... e5 $15) ({Predecessor:} 13... e5 14. Nd2 Qf5 15. h4 Rd8 16. h5 Nf8 17. h6 Nc5 18. hxg7 {0-1 (37) Wells,P (2455)-Bronstein,D (2405) Hastings 1993}) 14. Qd6 {The position is equal.} (14. a3 {is more complex.} Qc6 15. Nd2 Qb6 16. Bf3 Ne7 17. b4) 14... Qc6 (14... Qf5 {with more complications.} 15. Nd2 e5 16. Bf3 Rb8 17. Bd5+ Kh8) 15. Qxc6 bxc6 16. Nd2 e5 17. Nb3 Bf5 18. Bf3 Rac8 19. Rad1 Rfe8 20. Bg2 h5 (20... Ne7 $11) 21. Rd6 (21. Na5 $1 $16) 21... Ne7 $11 22. f4 exf4 23. gxf4 Nb8 (23... Kf8 $11 {remains equal.}) 24. Nxc5 $16 Ng6 25. Rxe8+ Rxe8 26. Rd4 Nh4 27. Bh1 $1 $36 {[%mdl 2048] Keeping Black busy.} Bg4 28. Re4 Rxe4 29. Bxe4 Bf5 $2 {[%mdl 8192] [#]} (29... Kf7 $16 {is a better chance.} 30. Kf2 Bc8) 30. Bxf5 $1 $18 Nxf5 {[#]} 31. Ba5 $1 {Accuracy: White = 48%, Black = 19%.} 1-0

[Event "18th Delhi GM Open 2020"]
[Site "Delhi"]
[Date "2020.01.12"]
[Round "5.3"]
[White "Krishna C R G"]
[Black "Rozum, Ivan"]
[Result "1/2-1/2"]
[WhiteElo "2436"]
[BlackElo "2573"]
[Annotator "TA"]
[PlyCount "60"]
[EventDate "2020.01.09"]
[EventType "swiss"]
[EventCountry "IND"]
[SourceTitle "playchess.com"]
[Source "ChessBase"]
[SourceQuality "1"]

{[%evp 9,60,0,0,-2,17,31,18,35,22,13,37,-15,-13,-1,-18,-28,-43,-35,-27,-28,-41,-36,-29,-21,-21,-21,-24,-19,-24,-20,-24,-30,6,-38,-35,-25,-41,-30,-26,-16,-12,-19,-10,-14,-12,-22,-8,-14,8,4,4,0,0]} 1. d4 Nf6 2. c4 e6 3. g3 Bb4+ 4. Bd2 Be7 5. Bg2 O-O 6. Nf3 {E00: Catalan Bogo-Indian (3 g3 Bb4+)} a6 $146 ({Predecessor:} 6... b6 7. O-O Bb7 8. Nc3 Na6 9. Rc1 Re8 10. Qc2 d5 11. cxd5 Nb4 12. Qb1 Nbxd5 13. Rfd1 Nxc3 14. Bxc3 Be4 15. Qa1 Qd5 16. Be1 Rac8 17. Nh4 Bxg2 18. Nxg2 {½-½ (74) Wang,H (2795)-Rapport,R (2739) Hengshui 2019}) 7. O-O b5 8. Ne5 Ra7 9. Qc2 Bb7 10. Bf4 ({Better is} 10. Rc1 $14) 10... Bxg2 $11 11. Kxg2 d6 12. Nf3 Nbd7 13. Nbd2 c5 14. dxc5 Nxc5 15. Nb3 Rc7 16. cxb5 $1 axb5 17. Nxc5 Rxc5 18. Qb3 Qd7 19. Rfc1 Nd5 20. Bd2 Bf6 21. Bg5 Bxg5 22. Rxc5 dxc5 23. Nxg5 Qc6 {[#] ( -> ...Nf4+!)} 24. Qf3 h6 {The position is equal.} 25. Ne4 $1 Rc8 26. a3 f5 27. Nd2 c4 28. e4 Nf6 {[%cal Rf5e4]} 29. exf5 exf5 30. Re1 Qd7 {Accuracy: White = 67%, Black = 81%.} 1/2-1/2

[Event "18th Delhi GM Open 2020"]
[Site "Delhi"]
[Date "2020.01.12"]
[Round "5.4"]
[White "Kaczur, Florian"]
[Black "Amonatov, Farrukh"]
[Result "1/2-1/2"]
[WhiteElo "2485"]
[BlackElo "2631"]
[Annotator "TA"]
[PlyCount "66"]
[EventDate "2020.01.09"]
[EventType "swiss"]
[EventCountry "IND"]
[SourceTitle "playchess.com"]
[Source "ChessBase"]
[SourceQuality "1"]

{[%evp 18,66,17,23,17,12,20,12,17,23,59,29,45,47,69,48,66,41,47,16,25,6,26,13,16,0,30,28,39,0,0,0,0,0,0,0,5,8,14,8,8,33,31,8,33,8,8,8,8,0,8]} 1. e4 c5 2. Nf3 d6 3. d4 cxd4 4. Nxd4 Nf6 5. Nc3 a6 6. a4 g6 7. Be2 Bg7 8. O-O Nc6 9. Be3 O-O 10. Qd2 Bd7 {B90: Sicilian Najdorf: Unusual White 6th moves, 6 Be3 Ng4 and 6 Be3 e5} 11. Rfd1 Rc8 (11... Ng4 12. Bxg4 Bxg4 13. f3 Be6 14. Nd5 Bxd5 15. exd5 Nxd4 16. Bxd4 Bxd4+ 17. Qxd4 Rc8 18. Rd2 {½-½ (78) Vitiugov,N (2732)-Wang,H (2726) Douglas 2019}) 12. Nxc6 Bxc6 13. f3 a5 14. Ra2 $146 (14. Nb5 {is interesting.} Nd7 15. c3 Nc5 16. Ra2 Bd7 17. Ra3) ({Predecessor:} 14. Nb5 Nd7 15. c3 Nc5 16. Bxc5 Bxb5 17. Be3 Bc6 {½-½ (42) Bradvarevic,A-Averbakh,Y Kislovodsk 1964}) 14... Nd7 15. Nb5 Bxb5 16. axb5 b6 17. f4 Nc5 18. Qd5 Qd7 19. e5 Rfd8 20. exd6 $1 exd6 {Hoping for ...Re8.} 21. Bc4 Qc7 (21... Re8 $5 {[%cal Re8e3]} 22. Bf2 Qc7 $11) 22. c3 Re8 23. Bxc5 Qxc5+ 24. Qxc5 Rxc5 25. Bd5 Re7 26. Bc6 Rf5 27. g3 g5 28. Rxd6 gxf4 29. Rd8+ Bf8 30. b4 f3 31. Kf2 axb4 {The position is equal.} 32. cxb4 {[#] Threatens to win with g4.} Kg7 33. Rd3 Ree5 {Accuracy: White = 50%, Black = 63%.} 1/2-1/2

[Event "18th Delhi GM Open 2020"]
[Site "Delhi"]
[Date "2020.01.12"]
[Round "5.5"]
[White "Nguyen, Van Huy"]
[Black "Stupak, Kirill"]
[Result "1/2-1/2"]
[WhiteElo "2463"]
[BlackElo "2506"]
[Annotator "TA"]
[PlyCount "25"]
[EventDate "2020.01.09"]
[EventType "swiss"]
[EventCountry "IND"]
[SourceTitle "playchess.com"]
[Source "ChessBase"]
[SourceQuality "1"]

{[%evp 24,25,0,0]} 1. d4 Nf6 2. c4 c6 3. Nf3 d5 4. Qb3 e6 5. g3 Nbd7 6. Bg2 Be7 7. O-O O-O 8. Nc3 b6 9. Bf4 Nh5 10. Bd2 $146 ({Predecessor:} 10. Be3 Bb7 11. Rfd1 Bd6 12. Rac1 Qe7 13. cxd5 exd5 14. Bg5 f6 15. Bd2 f5 16. Bg5 Qe6 17. e3 {½-½ (78) Van Wely,L (2661)-Korobov,A (2652) Sanem 2017}) 10... Nhf6 11. Bf4 Nh5 12. Bd2 Nhf6 13. Bf4 1/2-1/2

[Event "18th Delhi GM Open 2020"]
[Site "Delhi"]
[Date "2020.01.12"]
[Round "5.6"]
[White "Ponkratov, Pavel"]
[Black "Nigmatov, Ortik"]
[Result "*"]
[WhiteElo "2622"]
[BlackElo "2467"]
[Annotator "TA"]
[PlyCount "36"]
[EventDate "2020.01.09"]
[EventType "swiss"]
[EventCountry "IND"]
[SourceTitle "playchess.com"]
[Source "ChessBase"]
[SourceQuality "1"]

{[%evp 19,26,-20,0,-35,-29,-28,-46,-42,-19]} 1. e4 c5 2. Nf3 Nc6 3. d4 cxd4 4. Nxd4 Nf6 5. Nc3 e5 6. Ndb5 d6 7. a4 a6 8. Na3 Bg4 9. f3 Be6 10. Bc4 Rc8 11. Be3 {B33: Sicilian: Pelikan and Sveshnikov Variations} Nb4 12. Bxe6 fxe6 13. O-O Be7 {[#]} {Predecessor:} 14. Ne2 $146 d5 15. c3 Nc6 16. Ng3 O-O 17. Nc2 Na5 18. Qe2 Qd7 {½-½ (75) Milos,G (2593)-Mekhitarian,K (2511) Porto Alegre 2008} *